[Event "TCh-FRA Top 12 2017"]
[Site "Chartres FRA"]
[Date "2017.05.25"]
[Round "8.4"]
[White "Sebag,M"]
[Black "Vidal,L"]
[Result "1-0"]
[WhiteElo "2488"]
[BlackElo "2193"]

1.e4 c6 2.d4 d5 3.e5 c5 4.dxc5 e6 5.a3 Nc6 6.Nf3 Bxc5 7.b4 Bb6 8.Bb2 Nge7
9.Bd3 Ng6 10.O-O O-O 11.Re1 f6 12.exf6 gxf6 13.c4 Nf4 14.Bf1 e5 15.cxd5 Qxd5
16.Qxd5+ Nxd5 17.g3 Bg4 18.Nbd2 Rad8 19.h3 Be6 20.Rac1 Nde7 21.Ne4 Nf5 22.Nc5
Bd5 23.Bg2 Bxc5 24.Rxc5 b6 25.Rcc1 Rd6 26.Red1 Rfd8 27.Rxd5 Rxd5 28.Rxc6 Rd1+
29.Kh2 Rb1 30.Rc2 e4 31.Nd2 Rxb2 32.Rxb2 e3 33.Nc4 b5 34.Nxe3 {#r} 1-0

[Event "52nd Capablanca Mem Elite"]
[Site "Matanzas CUB"]
[Date "2017.05.28"]
[Round "2.1"]
[White "Ortiz Suarez,I"]
[Black "Piorun,K"]
[Result "1-0"]
[WhiteElo "2570"]
[BlackElo "2638"]

1.e4 c6 2.d4 d5 3.e5 Bf5 4.Nf3 e6 5.Be2 Nd7 6.O-O Bg6 7.Nbd2 Nh6 8.a4 a5 9.Nb3
Be7 10.Bd2 O-O 11.Rc1 c5 12.c4 dxc4 13.Rxc4 Nb6 14.Bxa5 Rxa5 15.Nxa5 Nxc4
16.Nxc4 Nf5 17.dxc5 Bxc5 18.Qb3 Qb8 19.Qb5 Qa7 20.b4 Nd4 21.Nxd4 Bxd4 22.Nd6
Rb8 23.a5 Kf8 24.Qd7 Bxe5 25.Nc8 Rxc8 26.Qxc8+ Ke7 27.Rd1 {#r} 1-0

[Event "36th Zalakaros Open 2017"]
[Site "Zalakaros HUN"]
[Date "2017.05.26"]
[Round "9.30"]
[White "Shvayger,Y"]
[Black "Paszewski,M"]
[Result "1-0"]
[WhiteElo "2423"]
[BlackElo "2327"]

1.e4 c6 2.d4 d5 3.e5 Bf5 4.Nf3 e6 5.Be2 c5 6.Be3 cxd4 7.Nxd4 Ne7 8.Bb5+ Nbc6
9.O-O a6 10.Bxc6+ bxc6 11.c4 dxc4 12.Qa4 Bd3 13.Rc1 Qd7 14.Nd2 c5 15.Qxd7+
Kxd7 16.N4f3 Nd5 17.Nxc4 Be7 18.b3 Nxe3 19.Nxe3 Rhd8 20.Nd2 Rab8 21.Ndc4 Kc7
22.Rc3 Rd4 23.Rac1 Rbd8 24.h3 R8d7 25.a3 f6 26.exf6 gxf6 27.Nb2 Bb5 28.b4 Rd2
29.Rb3 f5 30.a4 Bc6 31.Nec4 Re2 32.Kf1 Re4 33.b5 axb5 34.axb5 Bd5 35.f3 Rd4
36.Ra3 Bb7 37.Re1 Bd5 38.Ne5 Rd6 39.Ra7+ Bb7 40.Nbc4 Kb8 41.Nxd6 Bxd6 42.Raa1
Bxe5 43.Rxe5 Bd5 44.Ree1 Kb7 45.Ra6 Rd2 46.Rea1 c4 47.R6a2 Rd3 48.Ra3 Rd2
49.R1a2 Rd1+ 50.Ke2 Rb1 51.Ra7+ Kb6 52.Rxh7 Kxb5 53.Rh8 Kc5 54.Rd2 Ra1 55.Rc8+
Kb4 56.Rb8+ Kc5 57.Ke3 Ra3+ 58.Kf4 Rb3 59.Rxb3 cxb3 60.h4 Kc4 61.h5 Kc3 62.Rf2
e5+ 63.Kxe5 Bg8 64.f4 b2 65.Rxb2 Kxb2 66.Kf6 {#r} 1-0

[Event "10th KIIT Elite Open 2017"]
[Site "Bhubaneswar IND"]
[Date "2017.05.29"]
[Round "6.30"]
[White "Rishi,S"]
[Black "Shrestha,B"]
[Result "1-0"]
[WhiteElo "2390"]
[BlackElo "2072"]

1.e4 c6 2.d4 d5 3.e5 Bf5 4.Nf3 e6 5.Be2 Nd7 6.O-O c5 7.c4 Ne7 8.Nc3 a6 9.cxd5
exd5 10.Bg5 Be6 11.dxc5 Nxc5 12.Nd4 Qb6 13.Rc1 Rd8 14.Be3 Qxb2 15.Ncb5 axb5
16.Rxc5 Bd7 17.Nxb5 Bc6 18.Nd6+ Rxd6 19.exd6 Nf5 20.d7+ Kd8 21.Ra5 Qe5 22.Bb6+
Kxd7 23.Bg4 Bd6 24.f4 Qf6 25.Qd3 g6 26.Bd4 Qd8 27.Bxf5+ gxf5 28.Qxf5+ Kc7
29.Bxh8 Qxh8 30.Qxf7+ Kb6 31.Rxd5 Qb2 32.Rg5 h6 33.Rg6 Bc5+ 34.Kh1 Qe2 35.Rb1+
{#r} 1-0

[Event "14th Orlova Open 2017"]
[Site "Orlova CZE"]
[Date "2017.05.25"]
[Round "6.3"]
[White "Weinzettl,E"]
[Black "Besseling,M"]
[Result "1-0"]
[WhiteElo "2293"]
[BlackElo "2201"]

1.e4 c6 2.d4 d5 3.e5 Bf5 4.h4 h5 5.Bd3 Bxd3 6.Qxd3 e6 7.Bg5 Qb6 8.Nd2 Ne7
9.Ngf3 Nd7 10.O-O Nf5 11.c4 Qa6 12.b3 Be7 13.Bxe7 Nxe7 14.a4 g6 15.b4 Nf5
16.b5 Qa5 17.c5 Qc7 18.Rfb1 O-O 19.Nf1 b6 20.cxb6 Nxb6 21.Ne3 Nxe3 22.Qxe3 Kg7
23.bxc6 Qxc6 24.Qg5 Nd7 25.Rc1 Qb6 26.Rab1 Qd8 27.Rb7 {#r} 1-0

[Event "14th Orlova Open 2017"]
[Site "Orlova CZE"]
[Date "2017.05.26"]
[Round "7.8"]
[White "Zimniok,L"]
[Black "Lys,J"]
[Result "1-0"]
[WhiteElo "2060"]
[BlackElo "2192"]

1.e4 c6 2.d4 d5 3.e5 Bf5 4.h4 h5 5.Bg5 Qb6 6.Bd3 Bxd3 7.Qxd3 Qxb2 8.e6 fxe6
9.Nf3 Qxa1 10.Qb3 Nd7 11.O-O O-O-O 12.Nbd2 Qxf1+ 13.Kxf1 Ngf6 14.Bf4 g6 15.Qa3
Bh6 16.Bg3 Ne4 17.Nxe4 dxe4 18.Ne5 Bg7 19.Nxc6 e5 20.Nxa7+ Kc7 21.Nb5+ Kb6
22.Qb3 Nb8 23.Nd6+ Kc6 24.Nf7 Rxd4 25.c3 Rd6 26.Nxh8 Bxh8 27.Qg8 {#r} 1-0

[Event "Bodensee Open 2017"]
[Site "Bregenz AUT"]
[Date "2017.05.28"]
[Round "9.8"]
[White "Higatsberger,M"]
[Black "Dittmar,P"]
[Result "0-1"]
[WhiteElo "2121"]
[BlackElo "2294"]

1.e4 c6 2.d4 d5 3.e5 c5 4.dxc5 e6 5.a3 Bxc5 6.b4 Be7 7.c4 Qc7 8.Bb2 dxc4 9.Qg4
g6 10.Qxc4 Qxc4 11.Bxc4 a5 12.b5 Nd7 13.a4 Bb4+ 14.Nd2 b6 15.Nf3 Bb7 16.O-O
Ne7 17.Rfd1 Rc8 18.Bf1 O-O 19.Nc4 Nd5 20.Nd6 Bxd6 21.exd6 Rfd8 22.Nd2 Rc2
23.Bd4 e5 24.Be3 Nxe3 25.fxe3 Bd5 26.Bd3 Rc3 27.Nb1 Rc5 28.Nd2 Nf6 29.Rac1
Rxc1 30.Rxc1 e4 31.Bc4 Rxd6 32.Bxd5 Rxd5 33.Rf1 Kg7 34.Nc4 Nd7 35.Kf2 f5
36.Ke2 h5 37.h4 Kf6 38.g3 Ke6 39.Rb1 Rc5 40.Nd2 Rc2 41.Kd1 Rc3 42.Ke2 Nc5 {#R}
0-1

[Event "Deltalift Open 2017"]
[Site "Tylosand SWE"]
[Date "2017.05.27"]
[Round "7.3"]
[White "Rydstrom,Tom"]
[Black "Tikkanen,H"]
[Result "0-1"]
[WhiteElo "2312"]
[BlackElo "2504"]

1.e4 c6 2.d4 d5 3.e5 c5 4.dxc5 e6 5.Be3 Nh6 6.c3 Nf5 7.Bd4 Bd7 8.Nf3 Nc6 9.Be2
Ncxd4 10.Nxd4 Nh4 11.O-O Bxc5 12.Nd2 O-O 13.Bd3 Qg5 14.g3 Bxd4 15.cxd4 Qxd2
16.gxh4 Qf4 17.h5 f6 18.exf6 Rxf6 19.Be2 Raf8 20.Qd3 Qh4 21.Qe3 Rf4 22.Rad1
R8f5 23.f3 Rg5+ 24.Kh1 Qxh2+ {#R} 0-1

[Event "Deltalift Open 2017"]
[Site "Tylosand SWE"]
[Date "2017.05.27"]
[Round "7.5"]
[White "Hector,J"]
[Black "Nilsson,Anders1"]
[Result "1-0"]
[WhiteElo "2498"]
[BlackElo "2186"]

1.e4 c6 2.d4 g6 3.f4 d5 4.e5 h5 5.Nf3 Nh6 6.Be3 Bg4 7.Nbd2 Nf5 8.Bf2 e6 9.h3
Bxf3 10.Nxf3 Qb6 11.Bd3 Qb4+ 12.Ke2 h4 13.a3 Qxb2 14.Rb1 Qxa3 15.Rxb7 Be7
16.Qb1 O-O 17.Bxf5 exf5 18.Rd1 Re8 19.Rd3 Qa4 20.Bxh4 Bxh4 21.Nxh4 Na6 22.Qb3
Qxb3 23.Rdxb3 Reb8 24.Nf3 Rxb7 25.Rxb7 c5 26.Ng5 cxd4 27.Rxf7 Nb4 28.e6 Re8
29.Rxa7 Nxc2 30.Rb7 Ne3 31.g3 Nc4 32.Kd3 Nd6 33.Rb6 Nc4 34.Ra6 Ne3 35.Kxd4
Nc2+ 36.Ke5 d4 37.Rd6 Re7 38.Kf6 {#r} 1-0

[Event "26th Chicago Open 2017"]
[Site "Chicago USA"]
[Date "2017.05.26"]
[Round "2.17"]
[White "Nakar,Ey"]
[Black "Santarius,E"]
[Result "0-1"]
[WhiteElo "2476"]
[BlackElo "2302"]
[EventType "swiss"]

1.e4 c6 2.d4 d5 3.e5 Bf5 4.Nf3 e6 5.Be2 Nd7 6.O-O Ne7 7.Nbd2 Ng6 8.Re1 f6 9.c4
fxe5 10.dxe5 Bc5 11.cxd5 exd5 12.e6 Nf6 13.Nb3 Bb4 14.Bd2 Bxd2 15.Qxd2 Ne4
16.Qe3 Qb6 17.Nfd4 Ne7 18.f3 Nf6 19.Rac1 O-O 20.Kh1 Bg6 21.Nc5 Qxb2 22.Qe5 b6
23.Nd3 Bxd3 24.Bxd3 Qa3 25.Nf5 Rae8 26.Rc3 Qxa2 27.Qd6 Qd2 28.Rcc1 Nxf5
29.Bxf5 Nh5 30.Bg4 Nf4 31.Rg1 h5 32.e7 Rf6 33.Qd8 Kf7 34.Rcd1 Qb4 35.Bd7 Rxe7
36.g3 Ng6 37.Bh3 Re8 38.Qd7+ Qe7 39.Ra1 Qxd7 40.Bxd7 Re7 41.Bh3 Rxf3 42.Rgc1
c5 {#R} 0-1

[Event "26th Chicago Open 2017"]
[Site "Chicago USA"]
[Date "2017.05.26"]
[Round "2.42"]
[White "Ulrich,Rachel J"]
[Black "Lederer,Y"]
[Result "1-0"]
[WhiteElo "2073"]
[BlackElo "2259"]
[EventType "swiss"]

1.e4 c6 2.d4 d5 3.f3 e6 4.Nc3 Ne7 5.Nge2 Nd7 6.Be3 b5 7.Qd2 Nb6 8.Ng3 a5 9.Bd3
Ba6 10.O-O b4 11.Nd1 Nc4 12.Bxc4 Bxc4 13.Re1 Ng6 14.b3 Bb5 15.Nf2 Be7 16.Nd3
O-O 17.Nc5 Qc7 18.a3 bxa3 19.Rxa3 Ra7 20.Rea1 Rfa8 21.Qc1 Bxc5 22.dxc5 Ne5
23.Bf4 f6 24.c4 dxc4 25.bxc4 Ba6 26.Rxa5 Bc8 27.Rxa7 Rxa7 28.Ne2 Kf7 29.Qc3
Ra6 30.Rxa6 Bxa6 31.Nc1 Qd8 32.Bxe5 fxe5 33.Nd3 Qd4+ 34.Qxd4 exd4 35.Ne5+ Kf6
36.Nxc6 d3 37.Kf2 Bxc4 38.Ke3 e5 39.Nb4 g5 40.Nxd3 Ke6 41.Nb4 h6 42.g3 Bb5
43.f4 gxf4+ 44.gxf4 exf4+ 45.Kxf4 {#r} 1-0

[Event "26th Chicago Open 2017"]
[Site "Chicago USA"]
[Date "2017.05.26"]
[Round "3.15"]
[White "Vazquez,Guillermo"]
[Black "Mills,JA"]
[Result "1-0"]
[WhiteElo "2443"]
[BlackElo "2097"]
[EventType "swiss"]

1.e4 c6 2.d4 d5 3.e5 c5 4.dxc5 Nc6 5.Bb5 Bf5 6.Nf3 Qa5+ 7.Nc3 e6 8.Be3 Qb4
9.Rb1 a6 10.a3 Qg4 11.Bxc6+ bxc6 12.O-O Nh6 13.h3 Qh5 14.Nd4 Qg6 15.Nce2 f6
16.Nf4 Qf7 17.exf6 gxf6 18.Nfxe6 Bxe6 19.Bxh6 Bxh6 20.Re1 O-O 21.Rxe6 Rfe8
22.Rxc6 Re4 23.Nf5 Bf8 24.Nd6 Bxd6 25.Rxd6 {#r} 1-0

[Event "26th Chicago Open 2017"]
[Site "Chicago USA"]
[Date "2017.05.26"]
[Round "3.43"]
[White "Ishhanov,T"]
[Black "Khanna,R"]
[Result "0-1"]
[WhiteElo "2271"]
[BlackElo "2061"]
[EventType "swiss"]

1.e4 c6 2.d4 d5 3.e5 Bf5 4.Nf3 e6 5.Be2 Nd7 6.O-O c5 7.c4 Ne7 8.dxc5 dxc4
9.Bxc4 Nc6 10.Bg5 Qa5 11.Na3 a6 12.Nh4 Bg6 13.Nxg6 hxg6 14.Re1 Bxc5 15.Qb3 Nd4
16.Qd3 b5 17.Qe4 Rc8 18.Bd3 Qb6 19.Rac1 O-O 20.Qf4 Nc6 21.Re4 Ncxe5 22.Rxe5
Nxe5 23.Qxe5 f6 {#R} 0-1

[Event "26th Chicago Open 2017"]
[Site "Chicago USA"]
[Date "2017.05.28"]
[Round "6.1"]
[White "Sevian,Samuel"]
[Black "Hernandez Carmenates,Hold"]
[Result "1-0"]
[WhiteElo "2585"]
[BlackElo "2510"]
[EventType "swiss"]

1.e4 c6 2.d4 d5 3.e5 Bf5 4.h4 h5 5.Bd3 Bxd3 6.Qxd3 e6 7.Bg5 Be7 8.Nf3 Nh6
9.Nc3 Nf5 10.Ne2 c5 11.dxc5 Qa5+ 12.c3 Qxc5 13.O-O Bxg5 14.hxg5 g6 15.b4 Qc7
16.Ned4 Nc6 17.Nxf5 gxf5 18.Rac1 Rd8 19.Rfe1 Ne7 20.Nd4 a6 21.b5 Qc4 22.Qd2
Ng6 23.bxa6 bxa6 24.Rb1 O-O 25.Qd1 Rb8 26.Qxh5 Rxb1 27.Rxb1 Qxc3 28.Nxe6 Re8
29.Qh6 Qxe5 30.Nc5 Qd6 31.Nd3 Re4 32.Qh2 f4 33.Qh3 Ne5 34.f3 Rc4 35.Re1 Ng6
36.Re8+ Nf8 37.Qh6 {#r} 1-0

[Event "26th Chicago Open 2017"]
[Site "Chicago USA"]
[Date "2017.05.28"]
[Round "7.4"]
[White "Stukopin,A"]
[Black "Gurevich,Daniel"]
[Result "0-1"]
[WhiteElo "2586"]
[BlackElo "2460"]
[EventType "swiss"]

1.e4 c6 2.d4 d5 3.e5 Bf5 4.Nd2 e6 5.Nb3 Nd7 6.Nf3 Be4 7.Ng5 Bg6 8.f4 c5 9.c4
Ne7 10.dxc5 Nxc5 11.Nxc5 Qa5+ 12.Bd2 Qxc5 13.Rc1 Nc6 14.Qa4 Qd4 15.Nf3 Qe4+
16.Kf2 Bc5+ 17.Kg3 Bh5 18.b4 Qg6+ 19.Ng5 h6 20.cxd5 hxg5 21.Rxc5 gxf4+ 22.Kf2
exd5 23.b5 Nxe5 24.b6+ Nc6 25.Rxc6 bxc6 26.Bd3 Qf6 27.Re1+ Kd7 28.bxa7 Bg6
29.Bb5 Be4 30.Rc1 Rhc8 31.Kf1 Qg6 32.Ke1 Bd3 33.Bxd3 Qxd3 34.Qxf4 Re8+ 35.Kf2
Re2+ 36.Kg1 Qxd2 37.Qxf7+ Re7 38.Qf5+ Kc7 {#R} 0-1

[Event "10th KIIT Elite Open 2017"]
[Site "Bhubaneswar IND"]
[Date "2017.05.27"]
[Round "2.17"]
[White "Lama,Himal"]
[Black "Ravi,TeS"]
[Result "0-1"]
[WhiteElo "2073"]
[BlackElo "2369"]

1.e4 c6 2.d4 d5 3.exd5 cxd5 4.Bd3 Nc6 5.c3 Qc7 6.Ne2 Bg4 7.Bf4 Qxf4 8.Nxf4
Bxd1 9.Kxd1 e6 10.Bb5 Bd6 11.Nd3 Ne7 12.Nd2 a6 13.Ba4 f6 14.Re1 Kf7 15.Nf3 g5
16.Kc2 Rac8 17.Nc5 b5 18.Bb3 Bxc5 19.dxc5 Na5 20.a4 Rxc5 21.Nd4 bxa4 22.Bxa4
e5 23.Ne2 Rb8 24.Nc1 Nec6 25.Bxc6 Nxc6 26.Nd3 Rc4 27.Ra3 e4 28.Nc1 Nd4+ 29.Kb1
Nb5 30.Rxa6 Nxc3+ 31.Ka1 Ra4+ 32.Rxa4 Nxa4 33.b3 Nc5 34.Kb2 Rxb3+ 35.Nxb3 Nd3+
36.Kc3 Nxe1 37.Kd4 Nxg2 38.Kxd5 e3 39.fxe3 Nxe3+ 40.Ke4 Ng4 41.Kf5 Nxh2 42.Nd2
h5 43.Ne4 Ng4 44.Nxg5+ fxg5 45.Kxg5 Nf6 {#R} 0-1

[Event "14th Orlova Open 2017"]
[Site "Orlova CZE"]
[Date "2017.05.25"]
[Round "6.4"]
[White "Kislinsky,A"]
[Black "Sieber,M"]
[Result "1-0"]
[WhiteElo "2484"]
[BlackElo "2087"]

1.e4 c6 2.d4 d5 3.exd5 cxd5 4.c4 Nf6 5.Nc3 Nc6 6.Nf3 Bg4 7.Bg5 Bxf3 8.gxf3
dxc4 9.d5 Ne5 10.f4 Nd3+ 11.Bxd3 cxd3 12.Qxd3 g6 13.d6 Bg7 14.Qb5+ Qd7
15.Qxd7+ Kxd7 16.dxe7 Rac8 17.O-O-O+ Kxe7 18.Rhe1+ Kf8 19.Kb1 h6 20.Bh4 g5
21.Bg3 Nh5 22.Nd5 Nxg3 23.fxg3 Rd8 24.f5 Rd6 25.g4 h5 26.h4 Bh6 27.f6 Re6
28.gxh5 gxh4 29.Rg1 Rg8 30.Nc7 Rxg1 31.Nxe6+ fxe6 32.Rxg1 Kf7 33.Rg4 Kxf6
34.Rxh4 Kg5 35.Rb4 b6 36.Kc2 e5 37.Kd3 Kxh5 38.Ke4 Bg7 39.Rc4 {#r} 1-0

[Event "Bodensee Open 2017"]
[Site "Bregenz AUT"]
[Date "2017.05.24"]
[Round "5.14"]
[White "Sydow,H"]
[Black "Hess,C1"]
[Result "0-1"]
[WhiteElo "2117"]
[BlackElo "2222"]

1.e4 c6 2.d4 d5 3.exd5 cxd5 4.Nf3 Nf6 5.Nc3 Nc6 6.Be2 Bf5 7.a3 e6 8.O-O Qb6
9.b4 Bd6 10.Be3 Rc8 11.Nb5 Bb8 12.c4 dxc4 13.Bxc4 Ng4 14.Qb3 a6 15.Nc3 Qc7
16.g3 Na7 17.Qa4+ Qc6 18.Qxc6+ Rxc6 19.Nd2 Nxe3 20.fxe3 b5 21.d5 Rc8 22.dxe6
fxe6 23.e4 Bh3 24.Rf3 bxc4 25.Re1 Be5 {#R} 0-1

[Event "Groninger Combinatie Open"]
[Site "Groningen NED"]
[Date "2017.05.27"]
[Round "4.3"]
[White "Van Baar,Esper"]
[Black "Balje,J"]
[Result "0-1"]
[WhiteElo "2102"]
[BlackElo "2219"]

1.e4 c6 2.d4 d5 3.exd5 cxd5 4.Bd3 Nc6 5.c3 Qc7 6.Ne2 Bg4 7.f3 Bd7 8.O-O e5
9.Be3 Bd6 10.dxe5 Nxe5 11.g3 Ne7 12.Qc2 h5 13.Rf2 h4 14.Bf4 g5 15.Bxe5 Bxe5
16.g4 O-O-O 17.Nd4 Nc6 18.Nxc6 Bxc6 19.Nd2 h3 20.Nf1 Rhe8 21.Rd1 Kb8 22.Qb3 a6
23.Qc2 Bf4 24.Re2 Qb6+ 25.Kh1 Rxe2 26.Qxe2 Re8 27.Qc2 d4 28.Qf2 Qd8 29.cxd4
Qf6 30.Bc4 Be5 31.d5 Bd7 32.Rd2 Qf4 33.Bd3 Bd6 34.Re2 Rxe2 35.Qxe2 Qd4 36.Ng3
Bc5 37.Qf1 Qxd5 38.b3 Qd4 39.Be4 Bb5 40.Qe1 Qb2 41.f4 gxf4 42.Nh5 Bf2 43.Qd1
Be2 44.Qb1 Bf3+ {#R} 0-1

[Event "4th Gligoric Cup 2017"]
[Site "Novi Banovci SRB"]
[Date "2017.05.25"]
[Round "1.4"]
[White "Vulin,M"]
[Black "Kojovic,D"]
[Result "0-1"]
[WhiteElo "2021"]
[BlackElo "2376"]

1.e4 c6 2.d4 d5 3.exd5 cxd5 4.c4 Nf6 5.Nc3 g6 6.cxd5 Nxd5 7.Bc4 Nb6 8.Bb5+ Bd7
9.Bxd7+ Qxd7 10.Nf3 Bg7 11.O-O O-O 12.Be3 Nc6 13.d5 Nb4 14.Bxb6 axb6 15.Qb3
Nd3 16.Rfd1 Nf4 17.Kf1 Bxc3 18.bxc3 Nxg2 19.Ng1 Nf4 20.c4 Rfc8 21.Rd4 e5
22.Re4 Qg4 23.Qg3 Qf5 24.Rae1 f6 25.Qb3 Qg4 26.Qg3 Qxg3 27.hxg3 Nd3 28.Rb1
Rxa2 29.Re2 Ra6 30.Rd2 e4 31.Rc2 Ne5 32.Rb4 Ra1+ 33.Kg2 Nd3 {#R} 0-1

[Event "4th Gligoric Cup 2017"]
[Site "Novi Banovci SRB"]
[Date "2017.05.27"]
[Round "3.8"]
[White "Ivas,J"]
[Black "Gavric,Zi"]
[Result "0-1"]
[WhiteElo "2088"]
[BlackElo "2085"]

1.e4 c6 2.d4 d5 3.exd5 cxd5 4.c4 Nf6 5.Nc3 g6 6.Nf3 Bg7 7.h3 O-O 8.Qb3 Nc6
9.cxd5 Na5 10.Qb4 Nxd5 11.Nxd5 Qxd5 12.Be3 Nc6 13.Qb5 Qd6 14.Be2 Nxd4 15.Bxd4
Bxd4 16.Rd1 e5 17.O-O Rd8 18.b3 a6 19.Qc4 Be6 20.Qd3 Bf5 21.Qd2 Rac8 22.Bd3
Bxd3 23.Qxd3 Bxf2+ 24.Rxf2 Qxd3 25.Rxd3 Rxd3 26.Nxe5 Rd1+ 27.Kh2 Rc7 28.g4
Rdc1 29.Kg3 Re1 30.Nc4 b5 {#R} 0-1

[Event "TCh-FRA Top 12 2017"]
[Site "Chartres FRA"]
[Date "2017.05.27"]
[Round "10.4"]
[White "Duda,J"]
[Black "Jobava,Ba"]
[Result "1-0"]
[WhiteElo "2693"]
[BlackElo "2713"]

1.e4 c6 2.d4 d5 3.Nc3 g6 4.e5 Bg7 5.f4 h5 6.Nf3 Nh6 7.Be3 Qb6 8.Rb1 Bg4 9.Be2
Nd7 10.O-O Nf8 11.Na4 Qc7 12.Nc5 Nf5 13.Bf2 Bh6 14.Nh4 Bxf4 15.Bxg4 Ne3 16.Qf3
Bxh2+ 17.Kxh2 Nxf1+ 18.Rxf1 hxg4 19.Qxg4 b6 20.Nd3 Qd7 21.Qxd7+ Kxd7 22.Kg1
Ne6 23.g3 Rh7 24.Nf3 g5 25.Be3 Rg8 26.Kg2 f5 27.exf6 exf6 28.Nh2 Rf8 29.Nf3
Re8 30.Nf2 Nc7 31.Ng4 Re6 32.Bxg5 Re2+ 33.Rf2 Rxf2+ 34.Kxf2 Rh1 35.Bxf6 Rb1
36.Nfe5+ Ke6 37.Nd3 Na6 38.Be5 Nb4 39.Nxb4 Rxb2 40.a3 a5 41.Nd3 Rxc2+ 42.Ke3
Rc3 43.a4 Ra3 44.Bc7 c5 45.Bxb6 cxd4+ 46.Ke2 Ra2+ 47.Kf3 Kf5 48.Bxa5 Rxa4
49.Bd2 Ra2 50.Bf4 Ra3 51.Nf2 Rb3 52.g4+ {#r} 1-0

[Event "St Louis Spring Classic B"]
[Site "Saint Louis USA"]
[Date "2017.05.23"]
[Round "8.1"]
[White "Abdumalik,Z"]
[Black "Lenderman,A"]
[Result "0-1"]
[WhiteElo "2420"]
[BlackElo "2587"]

1.e4 c6 2.d4 d5 3.Nd2 dxe4 4.Nxe4 Nf6 5.Nxf6+ exf6 6.c3 Bd6 7.Bd3 O-O 8.Qc2
Re8+ 9.Ne2 h5 10.Be3 Nd7 11.Ng3 Nb6 12.O-O-O Nd5 13.Bd2 Nf4 14.Bxf4 Bxf4+
15.Kb1 Qa5 16.Bh7+ Kf8 17.Bf5 Bxf5 18.Nxf5 g6 19.Nh4 Re6 20.Qb3 Re2 21.Rhf1
Rae8 22.Nf3 Qf5+ 23.Ka1 Qg4 24.Ng1 R2e7 25.g3 Bd6 26.Qc2 Qe6 27.Qd3 c5 28.d5
Qg4 29.Kb1 f5 30.h3 Qa4 31.Nf3 Re2 32.Ng1 R2e4 33.Nf3 b5 34.Qc2 Qa6 35.Rfe1
Qb7 36.Qd2 Kg7 37.Rxe4 fxe4 38.Ng5 Qd7 39.Qe3 Qf5 40.h4 Re5 41.Kc1 Rxd5
42.Rxd5 Qxd5 43.Nxe4 Be7 44.a3 Qe5 45.Qf3 a5 46.Kc2 a4 47.Qd3 f6 48.f4 Qe6
49.Nd2 c4 50.Qe4 Qxe4+ 51.Nxe4 Kf7 52.Kd2 Ke6 53.Ke3 Bd8 54.Kf3 Bb6 55.Nd2 Bd8
56.Ne4 Be7 57.Ke3 Kf5 58.Kf3 Bf8 59.Ke3 Kg4 60.Kf2 Be7 61.Kg2 Kf5 62.Kf3 Bf8
63.Ke3 Ke6 64.Kf3 Kf7 65.Ke3 Be7 66.Kf3 Ke8 67.Ke3 Kd7 68.Kf3 Kc6 69.Ke3 Kd5
70.Kf3 Bd8 71.Ke3 Ke6 72.Kf3 Bc7 73.Ke3 Kf5 74.Kf3 Bb8 75.Ke3 Kg4 76.Kf2 Ba7+
77.Kg2 Be3 78.Nd6 Bc1 79.Nxb5 Bxb2 80.Kf2 Kh3 81.Kf3 f5 82.Kf2 Kh2 83.Kf3 Kg1
84.Ke2 Kg2 85.Kd2 Kxg3 86.Kc2 Kxh4 87.Nd6 Kg3 88.Nxc4 h4 89.Nd2 Bxa3 {#R} 0-1

[Event "10th KIIT Elite Open 2017"]
[Site "Bhubaneswar IND"]
[Date "2017.05.27"]
[Round "2.4"]
[White "Mokal,Amruta Sunil"]
[Black "Rahman,Zia"]
[Result "0-1"]
[WhiteElo "2107"]
[BlackElo "2526"]

1.e4 g6 2.d4 Bg7 3.Nc3 c6 4.Be3 d5 5.f3 Qb6 6.Rb1 dxe4 7.fxe4 e5 8.Nf3 Nd7
9.Bc4 Ngf6 10.O-O O-O 11.Kh1 Ng4 12.Bg1 Qb4 13.Bb3 exd4 14.Nxd4 Nb6 15.a3 Qe7
16.a4 Ne5 17.a5 Nbc4 18.a6 Bh6 19.axb7 Bxb7 20.Bxc4 Nxc4 21.Nb3 Rfd8 22.Qf3
Ne5 23.Qg3 Bg7 24.Bc5 Qe8 25.Na5 Bc8 26.b4 Ba6 27.Rf2 Rd7 28.h4 h5 29.Ne2 Rad8
30.Ng1 Qe6 31.Nb3 Ng4 32.Rf3 Qxe4 33.Re1 Qxc2 34.Be7 Re8 35.Rc1 Qxc1 36.Nxc1
Rdxe7 37.Nd3 Bxd3 38.Rxd3 Re1 39.Rd7 Rf1 {#R} 0-1

[Event "26th Chicago Open 2017"]
[Site "Chicago USA"]
[Date "2017.05.28"]
[Round "6.17"]
[White "Abdumalik,Z"]
[Black "Santarius,E"]
[Result "1-0"]
[WhiteElo "2420"]
[BlackElo "2302"]
[EventType "swiss"]

1.e4 c6 2.d4 d5 3.Nd2 dxe4 4.Nxe4 Nd7 5.Nf3 Ngf6 6.Ng3 e6 7.Bd3 c5 8.c3 Qc7
9.Qe2 Be7 10.O-O O-O 11.Re1 b6 12.Bg5 Bb7 13.Rad1 Rac8 14.a3 c4 15.Bb1 Rfe8
16.Ne5 Nxe5 17.dxe5 Nd7 18.Bxe7 Rxe7 19.Rd4 Nf8 20.Rh4 f5 21.exf6 gxf6 22.Rg4+
Kh8 23.h4 Rf7 24.h5 Bd5 25.Rd4 Bb7 26.Be4 Ba6 27.Qd1 Bb5 28.Bc2 f5 29.Rd6 Rd7
30.Qd4+ Kg8 31.Rxd7 Qxd7 32.Qf4 Rc5 33.Ne2 Qc7 34.Qh4 Be8 35.Nd4 Qf7 36.Qg5+
Kh8 37.Re3 Rd5 38.f4 Qg7 39.Qxg7+ Kxg7 40.Bxf5 Kf6 41.Bh3 Bf7 42.g4 h6 43.Bg2
Rd6 44.Bf1 b5 45.Kf2 a6 46.Kg3 Rd5 47.Bg2 Rc5 48.Bb7 Be8 49.Bxa6 Bd7 50.Nf3
Bc6 51.Re5 Bd5 52.Bb7 Bxf3 53.Rxc5 Bxb7 54.g5+ {#r} 1-0

[Event "Deltalift Open 2017"]
[Site "Tylosand SWE"]
[Date "2017.05.25"]
[Round "3.11"]
[White "Karlsson,J"]
[Black "Kucuksari,Kaan"]
[Result "0-1"]
[WhiteElo "2095"]
[BlackElo "2310"]

1.e4 c6 2.Nc3 d5 3.d4 dxe4 4.Nxe4 Bf5 5.Qf3 e6 6.Be3 Be7 7.Bd3 Nd7 8.Ne2 Ngf6
9.N2c3 Nxe4 10.Bxe4 Bxe4 11.Nxe4 Nf6 12.O-O-O Nxe4 13.Qxe4 Qd5 14.Qxd5 cxd5
15.Rd3 Kd7 16.a4 Rac8 17.Rb3 b6 18.Bd2 Rc4 19.a5 Rb8 20.axb6 axb6 21.Be3 b5
22.Rd1 b4 23.Rbd3 b3 24.R1d2 Ra8 25.Kb1 Rca4 26.cxb3 Ra1+ 27.Kc2 Bb4 28.Rc3
Bxc3 29.bxc3 R8a2+ 30.Kd3 Kc6 31.c4 Ra3 32.Rb2 dxc4+ 33.Kxc4 R3a2 34.Rxa2 Rxa2
35.h4 h5 36.g3 Rc2+ 37.Kd3 Rb2 38.Kc3 Rb1 39.Kc2 Rf1 40.Kd3 Kd5 41.Kc3 Ra1
42.Kb4 Ra8 43.Kc3 Ke4 44.b4 Rc8+ 45.Kb3 Kd5 46.f3 Rb8 47.Bf2 Rc8 48.Be3 Kc6
49.d5+ exd5 50.Kc3 Kb5+ 51.Kd4 Kxb4 52.Kxd5 Re8 53.Bd4 g6 54.g4 Kb3 55.gxh5
gxh5 56.Be5 Kc2 57.f4 Kd3 58.Bf6 Ke3 59.Bg5 f5 60.Bh6 Kf3 61.Bg5 Re4 62.Kd6
Kg4 63.Kd5 Rxf4 {#R} 0-1

[Event "26th Chicago Open 2017"]
[Site "Chicago USA"]
[Date "2017.05.28"]
[Round "7.25"]
[White "Thavandiran,S"]
[Black "Lederer,Y"]
[Result "1-0"]
[WhiteElo "2363"]
[BlackElo "2259"]
[EventType "swiss"]

1.e4 c6 2.d4 d5 3.Nd2 dxe4 4.Nxe4 Bf5 5.Nc5 e5 6.Nxb7 Qb6 7.Nc5 Bxc5 8.dxc5
Qxc5 9.c3 Nf6 10.Nf3 O-O 11.Be2 Nbd7 12.O-O a5 13.Be3 Qe7 14.Qa4 Nd5 15.Qxc6
Nxe3 16.fxe3 Rab8 17.b3 Rfc8 18.Qd5 Rxc3 19.Bc4 Bg6 20.Qd2 Rc2 21.Qxa5 Nc5
22.Ne1 Rxc4 23.bxc4 h6 24.Qa3 Rc8 25.Kh1 f6 26.Nf3 Be4 27.Nd2 Ra8 28.Qb4 Bd3
29.Rfd1 Ra4 30.Qb5 Qa7 31.Nb3 Nxb3 32.Rxd3 Nxa1 33.Rd8+ Kh7 34.Qb1+ g6 35.Qb5
Ra5 36.Rd7+ {#r} 1-0

[Event "36th Zalakaros Open 2017"]
[Site "Zalakaros HUN"]
[Date "2017.05.23"]
[Round "6.55"]
[White "Sankalp,Gupta"]
[Black "Karacsonyi,Gellert"]
[Result "1-0"]
[WhiteElo "2269"]
[BlackElo "2189"]

1.e4 c5 2.b3 Nc6 3.Bb2 d6 4.Bb5 Nf6 5.Qe2 Bd7 6.f4 a6 7.Bxc6 Bxc6 8.d3 e6
9.Nf3 Be7 10.Nbd2 Qc7 11.O-O d5 12.Ne5 O-O 13.Rae1 Rad8 14.f5 dxe4 15.Nxc6
Qxc6 16.Nxe4 exf5 17.Ng3 Rfe8 18.Nxf5 Bf8 19.Qf2 Rxe1 20.Qxe1 Nh5 21.Qh4 Nf6
22.Nh6+ gxh6 23.Bxf6 Rd5 24.Qg4+ Rg5 25.Bxg5 hxg5 26.Qxg5+ Bg7 27.Qd8+ Bf8
28.Rf6 Qb5 29.Rf3 {#r} 1-0

[Event "26th Chicago Open 2017"]
[Site "Chicago USA"]
[Date "2017.05.28"]
[Round "6.14"]
[White "Shabalov,A"]
[Black "Ampie,Mauro"]
[Result "1-0"]
[WhiteElo "2556"]
[BlackElo "2327"]
[EventType "swiss"]

1.e4 c5 2.Na3 e6 3.c3 d5 4.e5 Nc6 5.Nf3 Nh6 6.Nc2 Nf5 7.d4 cxd4 8.cxd4 Nb4
9.Nxb4 Bxb4+ 10.Bd2 Bxd2+ 11.Qxd2 Bd7 12.Bd3 Nh4 13.Nxh4 Qxh4 14.Qe3 O-O
15.O-O f6 16.g3 Qh5 17.exf6 Rxf6 18.f4 Rc8 19.Rae1 Qe8 20.Rf2 Bb5 21.Bb1 Qh5
22.Qd2 Qh3 23.Re5 h5 24.Bc2 Rcf8 25.a4 Ba6 26.Qe3 Rh6 27.Rg5 Rhf6 28.Qe5 h4
29.Rh5 Rh6 30.Rxh6 gxh6 31.Rg2 Kf7 32.f5 Re8 33.gxh4 exf5 34.Rg7+ Kf8 35.Qf6#
1-0